000 00736cam a22002053a 4500
001 41292
003 PGUSA
005 20140828083929.0
008 121105s2012||||xxu|||||s|||||000 | eng d
040 _aPGUSA
_beng
042 _adc
100 1 _aClaridge, R. T.
245 1 0 _aEvery Man his own Doctor :
_bThe Cold Water, Tepid Water, and Friction-Cure, as Applicable to Every Disease to Which the Human Frame is Subject, and also to The Cure of Disease in Horses and Cattle
_h[electronic resource] /
_cR. T. Claridge
260 _bProject Gutenberg,
_c2012
506 _aPublic domain in the USA.
516 _aElectronic text
830 0 _aProject Gutenberg
_v41292
856 4 0 _uhttp://www.gutenberg.org/ebooks/41292
942 _cEB
999 _c270544
_d270544